| 000 | 00926nam a2200277 a 4500 | ||
|---|---|---|---|
| 001 | 53173 | ||
| 003 | BD-RUjL | ||
| 005 | 20211209075924.0 | ||
| 008 | 951204s1995 flua b 001 0 eng | ||
| 020 | _a8175140135 | ||
| 035 | _a(BD-RUjL) 53293 | ||
| 040 |
_dBD-RUjL _beng _aBD-RjUL _cBD-RjUL |
||
| 041 | _aeng | ||
| 082 | 0 | 0 |
_a658.3 _223 _bPET 1995 |
| 100 | 1 |
_aPetrick, Joseph A., _9158952 |
|
| 245 | 1 | 0 |
_aTotal quality in managing human resources / _cby Joseph A. Petrick, Diana S. Furr. |
| 260 |
_aDelray Beach, Fl. : _bSt. Lucie Press, _cc1995. |
||
| 300 |
_axviii, 370 p. : _bill. ; _c24 cm. |
||
| 490 | 1 | _aSt. Lucie Press total quality series | |
| 504 | _aIncludes bibliographical references and index. | ||
| 650 | 0 |
_aPersonnel management. _9158953 |
|
| 650 | 0 |
_aTotal quality management. _9158954 |
|
| 700 | 1 |
_aFurr, Diana S. _9158955 |
|
| 830 | 0 |
_aSt. Lucie Press total quality series. _9158956 |
|
| 942 |
_2ddc _cBK |
||
| 999 |
_c53173 _d53173 |
||